000 00768cam a2200145 4500500
005 20251228093425.0
041 _afre
042 _adc
100 1 0 _aRittersporn, Gábor T.
_eauthor
245 0 0 _aBalázs APOR, Jan C. BEHRENDS, Polly JONES, E. A. REES, eds. The Leader Cult in Communist Dictatorships Stalin and the Eastern Bloc Basingstoke, New York : Palgrave Macmillan, 2004, 298 p. Klaus HELLER, Jan PLAMPER, eds. Personality Cults in Stalinism Personenkulte im Stalinismus Göttingen : V&R Unipress, 2004, 472p.
260 _c2005.
500 _a36
786 0 _nCahiers du monde russe | Vol 46 | 4 | 2005-11-01 | p. 859y-990y | 1252-6576
856 4 1 _uhttps://shs.cairn.info/revue-cahiers-du-monde-russe-2005-4-page-859y?lang=fr&redirect-ssocas=7080
999 _c1604351
_d1604352